[Event "Göteborg Open 2016"]
[Site "Idrottsvägen 2, Mölnlycke, Sweden"]
[Date "2016.08.21"]
[Round "8.2"]
[White "Golubka, Petro"]
[Black "Hector, Jonny"]
[Result "1/2-1/2"]
[BlackElo "2518"]
[WhiteElo "2373"]
[LiveChessVersion "1.4.8"]

1. e4 {[%clk 1:28:11]} e5 {[%clk 1:30:54]} 2. Nf3 {[%clk 1:28:38]} Nc6
{[%clk 1:31:14]} 3. Bb5 {[%clk 1:29:05]} a6 {[%clk 1:30:48]} 4. Ba4
{[%clk 1:29:33]} Nf6 {[%clk 1:31:09]} 5. d3 {[%clk 1:29:58]} b5 {[%clk 1:30:17]}
6. Bb3 {[%clk 1:30:26]} Bc5 {[%clk 1:30:26]} 7. a4 {[%clk 1:30:43]} Rb8
{[%clk 1:29:56]} 8. axb5 {[%clk 1:31:08]} axb5 {[%clk 1:30:18]} 9. O-O
{[%clk 1:31:18]} d6 {[%clk 1:28:52]} 10. c3 {[%clk 1:31:33]} O-O {[%clk 1:26:02]}
11. Nbd2 {[%clk 1:31:06]} h6 {[%clk 1:21:04]} 12. Re1 {[%clk 1:31:02]} Ne7
{[%clk 1:20:14]} 13. Nf1 {[%clk 1:30:42]} Ng6 {[%clk 1:20:25]} 14. h3
{[%clk 1:29:53]} Re8 {[%clk 1:17:58]} 15. Ng3 {[%clk 1:29:36]} Bb7
{[%clk 1:15:01]} 16. Qc2 {[%clk 1:18:04]} d5 {[%clk 1:05:35]} 17. exd5
{[%clk 1:17:22]} Nxd5 {[%clk 1:05:11]} 18. d4 {[%clk 1:10:27]} exd4
{[%clk 1:03:13]} 19. Rxe8+ {[%clk 1:10:49]} Qxe8 {[%clk 1:03:35]} 20. cxd4
{[%clk 1:11:12]} Bb6 {[%clk 1:00:24]} 21. Bd2 {[%clk 1:10:57]} Qc6
{[%clk 0:49:33]} 22. Qf5 {[%clk 1:09:39]} Re8 {[%clk 0:44:57]} 23. Ne4
{[%clk 0:53:57]} Rd8 {[%clk 0:34:42]} 24. Rc1 {[%clk 0:51:49]} Qe8
{[%clk 0:31:35]} 25. Re1 {[%clk 0:47:55]} Qf8 {[%clk 0:28:32]} 26. Bxh6
{[%clk 0:35:02]} Nge7 {[%clk 0:24:29]} 27. Qg5 {[%clk 0:35:18]} Ng6
{[%clk 0:21:18]} 28. Qh5 {[%clk 0:33:46]} Qb4 {[%clk 0:13:17]} 29. Bg5
{[%clk 0:23:48]} Ra8 {[%clk 0:07:49]} 30. Be7 {[%clk 0:18:56]} Qxe7
{[%clk 0:05:39]} 31. Neg5 {[%clk 0:18:10]} Qf6 {[%clk 0:03:43]} 32. Qh7+
{[%clk 0:17:11]} Kf8 {[%clk 0:04:11]} 33. Qh5 {[%clk 0:17:00]} Kg8 1/2-1/2

[Event "Göteborg Open 2016"]
[Site "Idrottsvägen 2, Mölnlycke, Sweden"]
[Date "2016.08.21"]
[Round "8.3"]
[White "Greenfeld, Alon"]
[Black "Blomqvist, Erik"]
[Result "1-0"]
[BlackElo "2557"]
[WhiteElo "2568"]
[LiveChessVersion "1.4.8"]

1. Nf3 {[%clk 1:27:03]} d5 {[%clk 1:30:22]} 2. d4 {[%clk 1:27:18]} Nf6
{[%clk 1:30:44]} 3. c4 {[%clk 1:27:20]} c6 {[%clk 1:31:09]} 4. Nc3
{[%clk 1:25:57]} dxc4 {[%clk 1:31:29]} 5. a4 {[%clk 1:25:19]} Bf5
{[%clk 1:31:51]} 6. Nh4 {[%clk 1:24:26]} e6 {[%clk 1:32:09]} 7. Nxf5
{[%clk 1:24:39]} exf5 {[%clk 1:32:30]} 8. e3 {[%clk 1:21:08]} Bd6
{[%clk 1:32:15]} 9. Bxc4 {[%clk 1:19:24]} O-O {[%clk 1:32:13]} 10. Qf3
{[%clk 1:12:52]} Qa5 {[%clk 1:32:07]} 11. Bd3 {[%clk 1:08:35]} Bb4
{[%clk 1:29:30]} 12. Bd2 {[%clk 1:08:00]} g6 {[%clk 1:29:43]} 13. h3
{[%clk 1:02:57]} Re8 {[%clk 1:18:21]} 14. g4 {[%clk 1:02:48]} Ne4
{[%clk 1:18:23]} 15. Rc1 {[%clk 1:01:39]} Nd7 {[%clk 1:15:32]} 16. gxf5
{[%clk 0:59:52]} Nxd2 {[%clk 1:06:30]} 17. Kxd2 {[%clk 1:00:09]} Rad8
{[%clk 1:06:57]} 18. Rhg1 {[%clk 0:55:26]} Kg7 {[%clk 1:03:21]} 19. h4
{[%clk 0:47:36]} Nf6 {[%clk 0:51:36]} 20. h5 {[%clk 0:36:20]} g5 {[%clk 0:52:00]}
21. Qf4 {[%clk 0:36:33]} h6 {[%clk 0:45:33]} 22. Rxg5+ {[%clk 0:36:57]} hxg5
{[%clk 0:45:59]} 23. Qxg5+ {[%clk 0:37:09]} Kf8 {[%clk 0:46:24]} 24. Qxf6
{[%clk 0:36:21]} Rd6 {[%clk 0:46:49]} 25. Qg5 {[%clk 0:34:48]} Ree6
{[%clk 0:43:14]} 26. Rg1 {[%clk 0:32:30]} Rh6 {[%clk 0:43:32]} 27. Qg8+
{[%clk 0:30:43]} Ke7 {[%clk 0:43:56]} 28. Rg4 {[%clk 0:27:20]} Rxh5
{[%clk 0:41:52]} 29. Re4+ {[%clk 0:23:13]} Kf6 {[%clk 0:42:16]} 30. Qe8
{[%clk 0:16:20]} Rd5 {[%clk 0:40:37]} 31. Re6+ {[%clk 0:16:12]} fxe6
{[%clk 0:40:22]} 32. Qxe6+ {[%clk 0:16:29]} Kg7 {[%clk 0:40:43]} 33. Qg6+
{[%clk 0:16:42]} Kf8 {[%clk 0:41:07]} 34. Qxh5 {[%clk 0:17:04]} Qxa4
{[%clk 0:41:09]} 35. Qh8+ {[%clk 0:14:24]} Ke7 {[%clk 0:41:27]} 36. f6+
{[%clk 0:12:42]} Kd7 {[%clk 0:41:26]} 37. Qg7+ {[%clk 0:11:41]} Kc8
{[%clk 0:40:41]} 38. f7 {[%clk 0:11:28]} Rd8 {[%clk 0:40:53]} 39. f8=Q
{[%clk 0:10:58]} 1-0

[Event "Göteborg Open 2016"]
[Site "Idrottsvägen 2, Mölnlycke, Sweden"]
[Date "2016.08.21"]
[Round "8.4"]
[White "Mohammadi, Amir"]
[Black "Westerberg, Jonathan"]
[Result "0-1"]
[BlackElo "2488"]
[WhiteElo "2288"]
[LiveChessVersion "1.4.8"]

1. e4 {[%clk 1:30:54]} c5 {[%clk 1:30:38]} 2. Nc3 {[%clk 1:31:18]} e6
{[%clk 1:30:39]} 3. g3 {[%clk 1:31:08]} d5 {[%clk 1:30:24]} 4. Bg2
{[%clk 1:31:19]} dxe4 {[%clk 1:30:30]} 5. Nxe4 {[%clk 1:30:38]} Nc6
{[%clk 1:30:09]} 6. Ne2 {[%clk 1:30:45]} Be7 {[%clk 1:29:31]} 7. d3
{[%clk 1:29:04]} Nf6 {[%clk 1:17:10]} 8. O-O {[%clk 1:28:29]} O-O
{[%clk 1:16:44]} 9. a3 {[%clk 1:25:47]} Qc7 {[%clk 1:12:26]} 10. N2c3
{[%clk 1:23:06]} b6 {[%clk 1:06:20]} 11. Nxf6+ {[%clk 1:00:52]} Bxf6
{[%clk 1:06:11]} 12. Ne4 {[%clk 1:00:50]} Be7 {[%clk 1:05:50]} 13. Qh5
{[%clk 1:01:07]} Bb7 {[%clk 1:04:25]} 14. f4 {[%clk 0:58:15]} Nd4
{[%clk 1:00:22]} 15. Rf2 {[%clk 0:57:23]} Rad8 {[%clk 0:59:21]} 16. Be3
{[%clk 0:56:34]} Nf5 {[%clk 0:45:47]} 17. Bd2 {[%clk 0:46:40]} c4
{[%clk 0:42:14]} 18. dxc4 {[%clk 0:44:07]} Bxe4 {[%clk 0:41:45]} 19. Bxe4
{[%clk 0:44:30]} Bc5 {[%clk 0:41:42]} 20. Bc3 {[%clk 0:44:18]} Bxf2+
{[%clk 0:41:32]} 21. Kxf2 {[%clk 0:44:46]} Qc5+ {[%clk 0:41:22]} 0-1

[Event "Göteborg Open 2016"]
[Site "Idrottsvägen 2, Mölnlycke, Sweden"]
[Date "2016.08.21"]
[Round "8.5"]
[White "Antonsen, Mikkel"]
[Black "Nygren, Kim"]
[Result "1-0"]
[BlackElo "2240"]
[WhiteElo "2475"]
[LiveChessVersion "1.4.8"]

1. d4 {[%clk 1:30:58]} Nf6 {[%clk 1:30:54]} 2. c4 {[%clk 1:31:23]} e5
{[%clk 1:31:19]} 3. dxe5 {[%clk 1:31:50]} Ne4 {[%clk 1:31:44]} 4. a3
{[%clk 1:32:02]} b6 {[%clk 1:32:03]} 5. Nd2 {[%clk 1:31:11]} Nc5 {[%clk 1:31:53]}
6. Ngf3 {[%clk 1:29:22]} Bb7 {[%clk 1:31:46]} 7. g3 {[%clk 1:29:19]} a5
{[%clk 1:30:05]} 8. b3 {[%clk 1:29:11]} g5 {[%clk 1:27:55]} 9. Bg2
{[%clk 1:29:24]} Bg7 {[%clk 1:27:45]} 10. Bb2 {[%clk 1:29:33]} g4
{[%clk 1:22:25]} 11. Nh4 {[%clk 1:29:54]} Bxg2 {[%clk 1:22:47]} 12. Nxg2
{[%clk 1:30:21]} Nc6 {[%clk 1:22:09]} 13. O-O {[%clk 1:28:54]} Bxe5
{[%clk 1:19:05]} 14. Bxe5 {[%clk 1:28:48]} Nxe5 {[%clk 1:19:30]} 15. Qc2
{[%clk 1:28:44]} Qf6 {[%clk 1:16:42]} 16. Nf4 {[%clk 1:26:52]} c6
{[%clk 1:01:46]} 17. Rad1 {[%clk 1:25:04]} h5 {[%clk 0:57:26]} 18. b4
{[%clk 1:24:09]} Ne6 {[%clk 0:56:56]} 19. Ne4 {[%clk 1:24:15]} Qg7
{[%clk 0:56:48]} 20. Nd6+ {[%clk 1:12:04]} Kf8 {[%clk 0:57:08]} 21. Qf5
{[%clk 1:04:41]} Rh6 {[%clk 0:52:21]} 22. Nd3 {[%clk 0:59:04]} Nf3+
{[%clk 0:43:31]} 23. exf3 {[%clk 0:59:10]} Nd4 {[%clk 0:43:54]} 24. Qxd7
{[%clk 0:53:51]} Nxf3+ {[%clk 0:44:08]} 25. Kg2 {[%clk 0:54:16]} h4
{[%clk 0:43:42]} 26. Rfe1 {[%clk 0:50:39]} Nxe1+ {[%clk 0:37:17]} 27. Rxe1
{[%clk 0:51:02]} Qf6 {[%clk 0:37:38]} 28. Ne5 {[%clk 0:45:29]} hxg3
{[%clk 0:36:38]} 29. Qxf7+ {[%clk 0:45:29]} Qxf7 {[%clk 0:37:02]} 30. Ndxf7
{[%clk 0:45:44]} gxf2 {[%clk 0:37:11]} 31. Rf1 {[%clk 0:45:23]} Rh3
{[%clk 0:35:33]} 32. Rxf2 {[%clk 0:44:51]} Rxa3 {[%clk 0:35:55]} 33. bxa5
{[%clk 0:41:06]} bxa5 {[%clk 0:36:16]} 34. c5 {[%clk 0:38:15]} a4
{[%clk 0:36:27]} 35. Nd6+ {[%clk 0:37:15]} Kg7 {[%clk 0:35:55]} 36. Rf7+
{[%clk 0:35:28]} Kh6 {[%clk 0:35:59]} 37. Rf6+ {[%clk 0:30:37]} Kh7
{[%clk 0:35:57]} 38. Rf7+ {[%clk 0:28:40]} Kh6 {[%clk 0:35:53]} 39. Nxg4+
{[%clk 0:27:18]} Kg5 {[%clk 0:36:06]} 40. Nf2 {[%clk 0:27:28]} Ra1
{[%clk 0:35:35]} 41. Nfe4+ {[%clk 0:26:25]} Kg6 {[%clk 0:35:57]} 42. Rf6+
{[%clk 0:23:15]} Kh7 {[%clk 0:36:03]} 43. Rf7+ {[%clk 0:21:58]} Kg6
{[%clk 0:36:19]} 44. h4 {[%clk 0:12:58]} a3 {[%clk 0:36:33]} 45. h5+
{[%clk 0:13:25]} Kxh5 {[%clk 0:36:32]} 46. Rg7 {[%clk 0:13:52]} Rg1+
{[%clk 0:29:48]} 47. Kxg1 {[%clk 0:14:17]} a2 {[%clk 0:30:13]} 48. Ng3+
{[%clk 0:13:48]} Kh4 {[%clk 0:30:36]} 1-0

[Event "Göteborg Open 2016"]
[Site "Idrottsvägen 2, Mölnlycke, Sweden"]
[Date "2016.08.21"]
[Round "8.6"]
[White "Ask, Josef"]
[Black "Winsnes, Rikard"]
[Result "1/2-1/2"]
[BlackElo "2395"]
[WhiteElo "2208"]
[LiveChessVersion "1.4.8"]

1. e4 {[%clk 1:30:58]} c5 {[%clk 1:29:59]} 2. d4 {[%clk 1:31:22]} cxd4
{[%clk 1:30:10]} 3. c3 {[%clk 1:31:48]} dxc3 {[%clk 1:30:08]} 4. Nxc3
{[%clk 1:32:14]} Nc6 {[%clk 1:30:02]} 5. Nf3 {[%clk 1:32:31]} d6 {[%clk 1:29:17]}
6. Bc4 {[%clk 1:32:56]} a6 {[%clk 1:29:22]} 7. Bg5 {[%clk 1:32:20]} Nf6
{[%clk 1:19:19]} 8. O-O {[%clk 1:31:03]} e6 {[%clk 1:14:57]} 9. Qe2
{[%clk 1:31:14]} Be7 {[%clk 1:10:56]} 10. Rfd1 {[%clk 1:31:20]} Qc7
{[%clk 1:10:04]} 11. Rac1 {[%clk 1:31:24]} O-O {[%clk 1:09:59]} 12. Bb3
{[%clk 1:31:21]} Qb8 {[%clk 0:59:31]} 13. h3 {[%clk 1:30:05]} Re8
{[%clk 0:51:10]} 14. a4 {[%clk 1:28:54]} b6 {[%clk 0:45:26]} 15. Be3
{[%clk 1:24:22]} Bd7 {[%clk 0:41:36]} 16. Bf4 {[%clk 1:21:29]} Qb7
{[%clk 0:39:43]} 17. Bxd6 {[%clk 1:21:17]} Na5 {[%clk 0:36:31]} 18. Ba2
{[%clk 1:20:52]} Bxd6 {[%clk 0:33:43]} 19. Rxd6 {[%clk 1:21:14]} Rec8
{[%clk 0:28:49]} 20. Rcd1 {[%clk 1:18:46]} Be8 {[%clk 0:27:47]} 21. e5
{[%clk 1:18:09]} Nd7 {[%clk 0:27:20]} 22. Bb1 {[%clk 1:17:09]} Nf8
{[%clk 0:27:37]} 23. Ne4 {[%clk 1:14:44]} Bxa4 {[%clk 0:25:47]} 24. Nf6+
{[%clk 1:10:14]} Kh8 {[%clk 0:21:24]} 25. Re1 {[%clk 1:08:57]} Qe7
{[%clk 0:19:41]} 26. Nh5 {[%clk 1:03:59]} Bb5 {[%clk 0:18:02]} 27. Qe4
{[%clk 1:03:35]} Ra7 {[%clk 0:15:22]} 28. Qg4 {[%clk 1:02:41]} g6
{[%clk 0:09:16]} 29. Nf6 {[%clk 1:02:26]} Nc4 {[%clk 0:09:43]} 30. Qf4
{[%clk 1:00:51]} Kg7 {[%clk 0:07:25]} 31. Ng4 {[%clk 0:59:50]} Nxd6
{[%clk 0:05:03]} 32. exd6 {[%clk 0:58:37]} Qd8 {[%clk 0:05:19]} 33. Qh6+
{[%clk 0:57:22]} Kg8 {[%clk 0:05:02]} 34. Ng5 {[%clk 0:57:39]} f5
{[%clk 0:04:32]} 35. Ne5 {[%clk 0:52:58]} Qxd6 {[%clk 0:04:59]} 36. Ba2
{[%clk 0:53:11]} Rac7 {[%clk 0:03:46]} 37. Ngf3 {[%clk 0:49:58]} Qe7
{[%clk 0:02:49]} 38. Nd4 {[%clk 0:50:02]} Qg7 {[%clk 0:02:57]} 39. Qf4
{[%clk 0:50:08]} Re7 {[%clk 0:01:57]} 40. h4 {[%clk 0:50:19]} Be8
{[%clk 0:01:45]} 41. h5 {[%clk 0:50:34]} g5 {[%clk 0:02:09]} 42. Qxf5
{[%clk 0:50:51]} Kh8 {[%clk 0:01:41]} 43. Bxe6 {[%clk 0:50:38]} Rd8
{[%clk 0:02:07]} 44. Nec6 {[%clk 0:50:03]} Bxc6 {[%clk 0:02:36]} 45. Nxc6
{[%clk 0:50:22]} Rxe6 {[%clk 0:02:48]} 46. Rxe6 {[%clk 0:50:17]} Nxe6
{[%clk 0:03:17]} 47. Qxe6 {[%clk 0:50:34]} Rf8 {[%clk 0:03:32]} 48. Qe3
{[%clk 0:49:48]} Qxb2 {[%clk 0:03:49]} 49. Nd4 {[%clk 0:50:08]} Qb1+
{[%clk 0:03:49]} 50. Kh2 {[%clk 0:50:33]} Qb4 {[%clk 0:02:36]} 51. Qe5+
{[%clk 0:50:16]} Kg8 {[%clk 0:03:05]} 52. h6 {[%clk 0:48:50]} Rf7
{[%clk 0:02:42]} 53. Qxg5+ {[%clk 0:49:03]} Kh8 {[%clk 0:03:11]} 54. Qe5+
{[%clk 0:48:26]} Kg8 {[%clk 0:03:40]} 55. Qg5+ {[%clk 0:48:19]} Kh8
{[%clk 0:04:08]} 56. Qe5+ {[%clk 0:48:01]} Kg8 {[%clk 0:04:37]} 57. Qg5+
{[%clk 0:48:22]} 1/2-1/2

[Event "Göteborg Open 2016"]
[Site "Idrottsvägen 2, Mölnlycke, Sweden"]
[Date "2016.08.21"]
[Round "8.7"]
[White "Arduin, Antoine"]
[Black "Fries-Nielsen, Jens Ove"]
[Result "0-1"]
[BlackElo "2369"]
[WhiteElo "2150"]
[LiveChessVersion "1.4.8"]

1. e4 {[%clk 1:30:52]} Nf6 {[%clk 1:28:54]} 2. e5 {[%clk 1:28:07]} Ng8
{[%clk 1:28:23]} 3. Nf3 {[%clk 1:28:18]} d5 {[%clk 1:25:58]} 4. d4
{[%clk 1:22:58]} Bf5 {[%clk 1:16:07]} 5. c4 {[%clk 1:22:29]} e6 {[%clk 1:16:24]}
6. Qb3 {[%clk 1:18:07]} Nc6 {[%clk 1:13:30]} 7. Qxb7 {[%clk 1:05:09]} Nb4
{[%clk 1:11:25]} 8. Na3 {[%clk 0:52:25]} Rb8 {[%clk 1:10:22]} 9. Qxa7
{[%clk 0:51:14]} Ra8 {[%clk 1:09:02]} 10. Qb7 {[%clk 0:51:20]} Rb8
{[%clk 0:45:10]} 11. Qa7 {[%clk 0:51:14]} Nc6 {[%clk 0:27:06]} 12. Qa4
{[%clk 0:49:28]} Bb4+ {[%clk 0:26:33]} 13. Bd2 {[%clk 0:41:05]} Nge7
{[%clk 0:26:57]} 14. Nb5 {[%clk 0:39:23]} Bxd2+ {[%clk 0:26:50]} 15. Nxd2
{[%clk 0:38:11]} O-O {[%clk 0:26:22]} 16. c5 {[%clk 0:34:31]} f6 {[%clk 0:26:50]}
17. exf6 {[%clk 0:32:36]} Rxf6 {[%clk 0:27:19]} 18. O-O-O {[%clk 0:27:44]} Bg6
{[%clk 0:26:10]} 19. Nf3 {[%clk 0:21:49]} Ra8 {[%clk 0:24:44]} 20. Qb3
{[%clk 0:21:57]} Qb8 {[%clk 0:24:55]} 21. Be2 {[%clk 0:07:29]} Na5
{[%clk 0:22:57]} 22. Qc3 {[%clk 0:07:24]} Be8 {[%clk 0:20:48]} 23. Na3
{[%clk 0:07:23]} Nec6 {[%clk 0:19:47]} 24. Rd2 {[%clk 0:06:32]} Nb4
{[%clk 0:19:59]} 25. Kb1 {[%clk 0:06:25]} Bg6+ {[%clk 0:19:41]} 26. Ka1
{[%clk 0:06:24]} Nac6 {[%clk 0:19:21]} 27. Rf1 {[%clk 0:04:43]} Rf4
{[%clk 0:14:45]} 28. g3 {[%clk 0:03:56]} Re4 {[%clk 0:13:35]} 29. Rc1
{[%clk 0:03:12]} Bh5 {[%clk 0:10:35]} 30. Bd1 {[%clk 0:02:10]} h6
{[%clk 0:09:39]} 31. Nh4 {[%clk 0:01:51]} Bxd1 {[%clk 0:09:39]} 32. Rcxd1
{[%clk 0:02:13]} e5 {[%clk 0:09:27]} 33. dxe5 {[%clk 0:01:46]} Rc4
{[%clk 0:09:44]} 34. Nxc4 {[%clk 0:01:41]} Nxa2 {[%clk 0:09:51]} 35. Qa3
{[%clk 0:01:44]} Nab4 {[%clk 0:08:16]} 36. Kb1 {[%clk 0:00:31]} Rxa3
{[%clk 0:07:10]} 37. Nxa3 {[%clk 0:00:55]} Nxe5 {[%clk 0:07:09]} 38. Nc2
{[%clk 0:00:42]} Nc4 {[%clk 0:07:08]} 39. Nxb4 {[%clk 0:00:42]} Nxd2+
{[%clk 0:07:28]} 40. Rxd2 {[%clk 0:01:10]} Qxb4 {[%clk 0:07:50]} 41. Rxd5
{[%clk 0:00:47]} Qe4+ {[%clk 0:08:17]} 0-1

[Event "Göteborg Open 2016"]
[Site "Idrottsvägen 2, Mölnlycke, Sweden"]
[Date "2016.08.21"]
[Round "8.8"]
[White "Nilsson, Patrik"]
[Black "Efroimski, Marsel"]
[Result "0-1"]
[BlackElo "2329"]
[WhiteElo "2150"]
[LiveChessVersion "1.4.8"]

1. e4 {[%clk 1:30:53]} c6 {[%clk 1:28:23]} 2. d4 {[%clk 1:30:55]} d5
{[%clk 1:28:49]} 3. e5 {[%clk 1:30:55]} c5 {[%clk 1:29:15]} 4. dxc5
{[%clk 1:31:18]} Nc6 {[%clk 1:29:42]} 5. Bb5 {[%clk 1:31:24]} e6 {[%clk 1:29:25]}
6. Be3 {[%clk 1:31:34]} Bd7 {[%clk 1:28:39]} 7. Bxc6 {[%clk 1:30:59]} Bxc6
{[%clk 1:29:05]} 8. c3 {[%clk 1:31:08]} Ne7 {[%clk 1:29:29]} 9. Ne2
{[%clk 1:30:30]} Nf5 {[%clk 1:29:07]} 10. Bd4 {[%clk 1:30:17]} Nxd4
{[%clk 1:26:55]} 11. cxd4 {[%clk 1:30:20]} b6 {[%clk 1:27:02]} 12. cxb6
{[%clk 1:28:13]} Qxb6 {[%clk 1:27:28]} 13. Qc2 {[%clk 1:26:08]} Be7
{[%clk 1:25:59]} 14. O-O {[%clk 1:25:09]} O-O {[%clk 1:26:04]} 15. Nd2
{[%clk 1:12:10]} Rab8 {[%clk 1:00:07]} 16. Nf3 {[%clk 1:01:10]} Rfc8
{[%clk 0:54:29]} 17. Rfb1 {[%clk 0:55:18]} Be8 {[%clk 0:48:08]} 18. Nc3
{[%clk 0:54:26]} f6 {[%clk 0:46:40]} 19. exf6 {[%clk 0:47:56]} Bxf6
{[%clk 0:41:44]} 20. Qd2 {[%clk 0:45:23]} Bg6 {[%clk 0:41:54]} 21. Re1
{[%clk 0:43:33]} Qxb2 {[%clk 0:41:49]} 22. Qxb2 {[%clk 0:39:23]} Rxb2
{[%clk 0:42:18]} 23. Rac1 {[%clk 0:36:18]} Rc2 {[%clk 0:38:40]} 24. Rxc2
{[%clk 0:28:20]} Bxc2 {[%clk 0:37:40]} 25. Re3 {[%clk 0:28:44]} Bf5
{[%clk 0:32:30]} 26. h3 {[%clk 0:27:32]} h5 {[%clk 0:32:54]} 27. Kh2
{[%clk 0:27:02]} Rc4 {[%clk 0:24:39]} 28. Ne2 {[%clk 0:22:26]} Rc2
{[%clk 0:23:02]} 29. a3 {[%clk 0:22:19]} Be7 {[%clk 0:21:30]} 30. Ne5
{[%clk 0:14:04]} Bd6 {[%clk 0:18:57]} 31. Ng3 {[%clk 0:07:46]} Rxf2
{[%clk 0:17:09]} 32. Nxf5 {[%clk 0:07:06]} Rxf5 {[%clk 0:15:48]} 33. Rb3
{[%clk 0:06:44]} Bxe5+ {[%clk 0:14:37]} 34. dxe5 {[%clk 0:07:07]} Rxe5
{[%clk 0:15:05]} 35. Rb8+ {[%clk 0:07:17]} Kf7 {[%clk 0:13:47]} 36. Rb7+
{[%clk 0:07:40]} Kf6 {[%clk 0:14:14]} 37. Rxa7 {[%clk 0:08:05]} h4
{[%clk 0:10:54]} 38. a4 {[%clk 0:07:54]} Re1 {[%clk 0:10:03]} 39. a5
{[%clk 0:07:11]} Ra1 {[%clk 0:08:31]} 40. a6 {[%clk 0:07:00]} d4 {[%clk 0:07:16]}
41. Rd7 {[%clk 0:06:56]} e5 {[%clk 0:04:52]} 42. a7 {[%clk 0:07:01]} g5
{[%clk 0:04:54]} 43. g4 {[%clk 0:07:15]} Ke6 {[%clk 0:04:43]} 44. Rb7
{[%clk 0:05:34]} d3 {[%clk 0:03:43]} 45. Rb3 {[%clk 0:05:57]} e4 {[%clk 0:04:00]}
46. Kg2 {[%clk 0:06:16]} Rxa7 {[%clk 0:04:04]} 47. Rb2 {[%clk 0:05:58]} Ke5
{[%clk 0:04:27]} 48. Kf2 {[%clk 0:06:01]} Kf4 {[%clk 0:04:50]} 0-1

[Event "Göteborg Open 2016"]
[Site "Idrottsvägen 2, Mölnlycke, Sweden"]
[Date "2016.08.21"]
[Round "8.9"]
[White "Petersson, Baldur Teodor"]
[Black "Arnelind, Mikael"]
[Result "1/2-1/2"]
[BlackElo "2204"]
[WhiteElo "2019"]
[LiveChessVersion "1.4.8"]

1. e4 {[%clk 1:30:48]} e6 {[%clk 1:30:52]} 2. b3 {[%clk 1:30:50]} d5
{[%clk 1:30:40]} 3. Bb2 {[%clk 1:30:16]} Nf6 {[%clk 1:25:02]} 4. e5
{[%clk 1:30:31]} Nfd7 {[%clk 1:25:27]} 5. f4 {[%clk 1:30:50]} c5 {[%clk 1:23:40]}
6. Nf3 {[%clk 1:30:12]} b6 {[%clk 1:20:15]} 7. Be2 {[%clk 1:30:12]} g6
{[%clk 1:16:00]} 8. O-O {[%clk 1:29:24]} Bg7 {[%clk 1:16:04]} 9. Qe1
{[%clk 1:28:40]} Bb7 {[%clk 1:12:10]} 10. c3 {[%clk 1:27:12]} O-O
{[%clk 1:07:59]} 11. Na3 {[%clk 1:25:47]} a6 {[%clk 1:06:48]} 12. Nc2
{[%clk 1:24:40]} Nc6 {[%clk 1:05:42]} 13. g4 {[%clk 1:22:23]} f6 {[%clk 1:00:29]}
14. d4 {[%clk 1:21:54]} Qe7 {[%clk 0:49:05]} 15. Qg3 {[%clk 1:18:18]} Rac8
{[%clk 0:44:07]} 16. Ne3 {[%clk 1:12:36]} cxd4 {[%clk 0:41:35]} 17. cxd4
{[%clk 1:12:43]} Nb4 1/2-1/2

[Event "Göteborg Open 2016"]
[Site "Idrottsvägen 2, Mölnlycke, Sweden"]
[Date "2016.08.21"]
[Round "8.10"]
[White "Hultin, Johan"]
[Black "Kumar, Rahul"]
[Result "0-1"]
[BlackElo "2184"]
[WhiteElo "2340"]
[LiveChessVersion "1.4.8"]

1. d4 {[%clk 1:30:58]} g6 {[%clk 1:30:07]} 2. c4 {[%clk 1:31:19]} Bg7
{[%clk 1:30:26]} 3. Nc3 {[%clk 1:31:37]} d6 {[%clk 1:30:36]} 4. Nf3
{[%clk 1:31:52]} Bg4 {[%clk 1:30:39]} 5. e3 {[%clk 1:31:39]} Nc6 {[%clk 1:30:53]}
6. Be2 {[%clk 1:32:04]} e5 {[%clk 1:30:24]} 7. d5 {[%clk 1:31:41]} Nce7
{[%clk 1:30:42]} 8. O-O {[%clk 1:31:42]} Nf6 {[%clk 1:31:04]} 9. e4
{[%clk 1:29:42]} O-O {[%clk 1:31:24]} 10. Bg5 {[%clk 1:29:43]} h6
{[%clk 1:30:47]} 11. Be3 {[%clk 1:30:10]} b6 {[%clk 1:15:02]} 12. Nd2
{[%clk 1:29:45]} Bxe2 {[%clk 1:12:13]} 13. Qxe2 {[%clk 1:30:02]} Nh5
{[%clk 1:12:33]} 14. g3 {[%clk 1:30:05]} f5 {[%clk 1:12:46]} 15. f3
{[%clk 1:29:44]} a5 {[%clk 1:12:25]} 16. b3 {[%clk 1:29:44]} Qd7 {[%clk 1:12:02]}
17. a3 {[%clk 1:29:55]} f4 {[%clk 1:12:15]} 18. Bf2 {[%clk 1:29:17]} fxg3
{[%clk 1:11:53]} 19. hxg3 {[%clk 1:28:46]} Qh3 {[%clk 1:11:59]} 20. Qe1
{[%clk 1:29:14]} g5 {[%clk 1:12:10]} 21. Ne2 {[%clk 1:26:15]} Ng6
{[%clk 1:08:24]} 22. Be3 {[%clk 1:26:11]} Ngf4 {[%clk 0:52:22]} 23. gxf4
{[%clk 1:24:50]} gxf4 {[%clk 0:52:37]} 24. Qf2 {[%clk 1:19:33]} fxe3
{[%clk 0:51:06]} 25. Qxe3 {[%clk 1:19:48]} Rf6 {[%clk 0:50:10]} 26. Qc3
{[%clk 1:20:07]} Ng3 {[%clk 0:48:58]} 0-1